| 000 | nam a22 a 4500 | ||
|---|---|---|---|
| 999 |
_c4297 _d4297 |
||
| 005 | 20170526160018.0 | ||
| 008 | 170526t1999 cc ||||| |||| 00| 0 eng d | ||
| 020 | _a0717285618 | ||
| 040 | _aAKMAL | ||
| 082 | _a658.311 KNE | ||
| 090 |
_a658.311 _bKNE |
||
| 100 | 1 | 0 |
_aKneeland, Steve _98371 |
| 245 | 1 | 0 |
_aRecruiting for result: _bhow to grow the business by hiring the best performers / _cSteve Kneeland. |
| 250 | _aDeluxe ed. | ||
| 260 |
_aWanchai, Hong Kong : _bGrolier International, _cc1999. _c(printed in 2003) |
||
| 300 |
_a132 p. _b ill. ; _c24cm |
||
| 490 | 1 | _a Grolier business library | |
| 500 | _aIncludes index. | ||
| 504 | _aIncludes bibliographical references and index | ||
| 599 | _aDALAM PROSES | ||
| 650 |
_aEmployees _xEmployment interviewing _x Recruiting Employee selection _98372 |
||
| 830 | 0 |
_aGrolier business library _98353 |
|
| 942 |
_2ddc _cBOOK |
||
| 950 | _lAKMAL | ||